Cuneiform texts in the collection of the Pushkin state museum of fine arts (Запись № 10452762)
[ простой вид ]
| 000 -МАРКЕР | |
|---|---|
| контрольное поле | 01213nam1a2200277 i 4500 |
| 001 - ИДЕНТИФИКАТОР ЗАПИСИ | |
| контрольное поле | RU\NLR\BIBL_A\010578742 |
| 005 - ИДЕНТИФИКАТОР ВЕРСИИ | |
| контрольное поле | 20260406104358.0 |
| 035 ## - ДРУГИЕ СИСТЕМНЫЕ НОМЕРА | |
| Идентификатор записи | (NLR Aleph) 010578742 |
| 100 ## - ДАННЫЕ ОБЩЕЙ ОБРАБОТКИ | |
| Данные общей обработки | 20141106g20149999k y0rusy50 ba |
| 101 0# - ЯЗЫК РЕСУРСА | |
| Язык текста, звукозаписи и т.д. | русский |
| 102 ## - СТРАНА ПУБЛИКАЦИИ ИЛИ ПРОИЗВОДСТВА | |
| Страна публикации | российская федерация |
| 105 ## - ПОЛЕ КОДИРОВАННЫХ ДАННЫХ: ТЕКСТОВЫЕ МАТЕРИАЛЫ, МОНОГРАФИЧЕСКИЕ | |
| Кодированные данные о монографическом текстовом документе | ||||z|||||||| |
| 200 1# - ЗАГЛАВИЕ И СВЕДЕНИЯ ОБ ОТВЕТСТВЕННОСТИ | |
| Основное заглавие | Cuneiform texts in the collection of the Pushkin state museum of fine arts |
| Параллельное заглавие | Клинописные тексты в собрании ГМИИ им. А.С. Пушкина |
| Первые сведения об ответственности | Pushkin state museum of fine arts |
| Последующие сведения об ответственности | [ed. by Natalia Koslova |
| Язык параллельного заглавия | русский |
| 210 ## - ПУБЛИКАЦИЯ, РАСПРОСТРАНЕНИЕ И ДР. | |
| Место издания, распространения и т.д. | Moscow |
| Имя издателя, распространителя и т. д. | Paleograph-press |
| -- | Pushkin state museum of fine arts |
| Дата издания, распространения и т.д. | 2014 |
| 215 ## - ФИЗИЧЕСКАЯ ХАРАКТЕРИСТИКА | |
| Размеры | 31 |
| 510 1# - ПАРАЛЛЕЛЬНОЕ ЗАГЛАВИЕ | |
| Параллельное заглавие | Клинописные тексты в собрании ГМИИ им. А.С. Пушкина |
| Язык заглавия | русский |
| 606 1# - НАИМЕНОВАНИЕ ТЕМЫ КАК ПРЕДМЕТ | |
| Наименование темы | Клинопись |
| Тематический подзаголовок | Музейные коллекции |
| Системный номер авторитетной/нормативной записи | 2257420 |
| Идентификатор авторитетной/нормативной записи | RU\NLR\AUTH\6601583789 |
| 686 1# - ИНДЕКСЫ ДРУГИХ КЛАССИФИКАЦИЙ | |
| Индекс | Т229(0)313.1л6 |
| 702 #1 - ИМЯ ЛИЦА - ВТОРИЧНАЯ ОТВЕТСТВЕННОСТЬ | |
| Связь между полями | z41790 |
| Начальный элемент ввода | Kozlova |
| Часть имени, кроме начального элемента ввода | N. |
| Расширение инициалов личного имени | Natal'ja |
| Код отношения | Редактор |
| 711 02 - НАИМЕНОВАНИЕ ОРГАНИЗАЦИИ - АЛЬТЕРНАТИВНАЯ ОТВЕТСТВЕННОСТЬ | |
| Материалы, к которым относится поле | eng |
| Начальный элемент ввода | Pushkin state museum of fine arts |
| Идентифицирующий признак | Moscow |
| Графика поля | Латинская |
| Идентификатор авторитетной/нормативной записи | RU\NLR\AUTH\883017 |
| Системный номер авторитетной/нормативной записи | 277181 |
| 790 #1 - ИМЯ ЛИЦА - АЛЬТЕРНАТИВНАЯ ФОРМА | |
| Связь между полями | z41702 |
| Начальный элемент ввода | Koslova |
| Часть имени, кроме начального элемента ввода | N. |
| Расширение инициалов личного имени | Natal'ja |
| 852 ## - МЕСТОНАХОЖДЕНИЕ И ШИФР ХРАНЕНИЯ | |
| Идентификатор организации | NLR |
| Шифр хранения (Call Number) | Ик 2014-9/74 |
| 942 ## - ДОПОЛНИТЕЛЬНЫЕ ЭЛЕМЕНТЫ ЗАПИСИ (АБИС) | |
| Тип экземпляра АБИС | Книга |
Нет доступных экземпляров.